000 00478nam a2200157Ia 4500
008 210716s2011 xx 000 0 und d
020 _a9789380156064
041 _aeng
082 _a657.834 JAYS
100 _aJayapandian, S.
245 _aAccounting for managers: effective techniques for decision making.
_bEffective techniques for decision making.
250 _a3
260 _aNew Delhi
_bAne Books PVT LTD
_c2011
300 _axiii,628
650 _aFinancial Accounting
999 _c207599
_d207599